[Event "GER-chT School WK H+R"]
[Site "Playchess.com INT"]
[Date "2020.06.17"]
[Round "5.1"]
[White "Jaeger, Niklas"]
[Black "Paqarizi, Endrit"]
[Result "1-0"]
[WhiteElo "1879"]
[BlackElo "1791"]
[PlyCount "125"]
[EventDate "2020.06.10"]
[EventType "team-swiss (blitz)"]
[EventRounds "7"]
[EventCountry "GER"]
[SourceTitle "EXT 2021"]
[Source "ChessBase"]
[SourceDate "2020.10.23"]
[SourceVersion "1"]
[SourceVersionDate "2020.10.23"]
[SourceQuality "1"]
[WhiteTeam "Ahlen Fritz"]
[BlackTeam "Hasbergen Oberschule"]
[WhiteTeamCountry "GER"]
[BlackTeamCountry "GER"]

1. d4 d5 2. e3 e6 3. Bd3 f5 4. f4 c5 5. c3 Nf6 6. Nf3 Nc6 7. 0-0 Be7 8. Nbd2 Ne4 9. Ne5 0-0 10. Qc2 c4 11. Bxe4 fxe4 12. b3 Nxe5 13. fxe5 Bg5 14. Rxf8+ Qxf8 15. Nf1 cxb3 16. axb3 Bd7 17. Ba3 Qc8 18. Bd6 Bb5 19. Qd2 Qc6 20. Ng3 Rc8 21. Rc1 Bd3 22. Ne2 Qb5 23. Nf4 Bxf4 24. exf4 Qxb3 25. Bc5 b6 26. Bb4 a5 27. Bd6 a4 28. g4 a3 29. f5 exf5 30. gxf5 Qb2 31. Qg5 a2 32. f6 Qxc1+ 33. Qxc1 Ra8 34. Qa1 gxf6 35. exf6 Kf7 36. Be5 Bc4 37. Kf2 b5 38. Ke3 b4 39. cxb4 Ra3+ 40. Kf4 Rb3 41. Qg1 Rf3+ 42. Kg5 Ra3 43. Kh4 a1Q 44. Qg7+ Ke6 45. Qe7+ Kf5 46. Qxh7+ Ke6 47. Qe7+ Kf5 48. Qd7+ Kg6 49. Qg4+ Kf7 50. Qg7+ Ke6 51. Qg8+ Kd7 52. Qf7+ Kc6 53. Qc7+ Kb5 54. Qb7+ Ka4 55. f7 Qe1+ 56. Bg3 Qf1 57. Qa8+ Kxb4 58. f8Q+ Qxf8 59. Qxf8+ Kb3 60. Qf2 Kb4 61. Bd6+ Kb5 62. Bxa3 Kc6 63. Qc2 1-0

[Event "Dortmund Sparkassen op-B 47th"]
[Site "Dortmund"]
[Date "2019.07.21"]
[Round "9"]
[White "Merle, Oskar"]
[Black "Jaeger, Niklas"]
[Result "0-1"]
[WhiteElo "1319"]
[BlackElo "1585"]
[PlyCount "116"]
[EventDate "2019.07.13"]
[EventType "swiss"]
[EventRounds "9"]
[EventCountry "GER"]
[SourceTitle "CBM 192 Extra"]
[Source "Chessbase"]
[SourceDate "2019.11.06"]
[SourceVersion "1"]
[SourceVersionDate "2019.11.06"]
[SourceQuality "1"]

1. e4 c5 2. Nf3 e6 3. e5 Nc6 4. Bb5 Nge7 5. c3 a6 6. Ba4 b5 7. Bc2 d5 8. d4 Qc7 9. Be3 cxd4 10. cxd4 Nb4 11. Na3 Nxc2+ 12. Nxc2 Nf5 13. 0-0 Be7 14. Bf4 Bb7 15. Rc1 Qb6 16. Bg5 Bxg5 17. Nxg5 0-0 18. f4 h6 19. Nf3 Rac8 20. Kh1 Rc7 21. g4 Rxc2 22. Rxc2 Ne3 23. Qe2 Nxc2 24. Qxc2 Rc8 25. Qe2 a5 26. Rd1 Ba6 27. g5 h5 28. Nh4 g6 29. Nf3 b4 30. Qf2 Qb5 31. Kg2 Qe2 32. Rd2 Qe4 33. Kg3 Qb1 34. b3 Rc3 35. Kh4 Bd3 36. Qg1 Qxg1 37. Nxg1 Bf5 38. Rf2 Kf8 39. Nf3 Ke7 40. Kg3 Be4 41. Kg2 Kd7 42. Rf1 Kc6 43. h4 Kb5 44. Rf2 a4 45. Rf1 axb3 46. axb3 Rxb3 47. Ra1 Bxf3+ 48. Kh2 Ra3 49. Rc1 Ra7 50. Rc8 b3 51. Kg3 Be4 52. Kf2 Rb7 53. f5 b2 54. fxe6 fxe6 55. Kg3 b1Q 56. Kf2 Rf7+ 57. Ke2 Qd3+ 58. Ke1 Rf1# 0-1